Humphrey-Jones (trading as Cathedral Frames) v Welsby (VO) (Record no. 67230)
[ view plain ]
| 000 -LEADER | |
|---|---|
| fixed length control field | 01775cam a2200241 4500 |
| 001 - CONTROL NUMBER | |
| control field | ABS64056 |
| 008 - FIXED-LENGTH DATA ELEMENTS--GENERAL INFORMATION | |
| fixed length control field | 000000n2001 000 0 eng u |
| 035 ## - SYSTEM CONTROL NUMBER | |
| System control number | (Sirsi) u112940 |
| 245 ## - TITLE STATEMENT | |
| Title | Humphrey-Jones (trading as Cathedral Frames) v Welsby (VO) |
| 260 ## - PUBLICATION, DISTRIBUTION, ETC. | |
| Date of publication, distribution, etc. | 2001 |
| 490 ## - SERIES STATEMENT | |
| Series statement | Rating Appeals |
| Volume/sequential designation | [2001] RA 67-82(9) |
| 520 ## - SUMMARY, ETC. | |
| Summary, etc. | LT 21 March 2001. Ratepayer H occupied shop premises which were assessed at £2,550 rateable value in the 1995 non-domestic rating list. H appealed against the valuation tribunal decision, seeking a reduction with regard to two comparable properties (also A1 uses) and an analysis of the price paid for the freehold in 1997. H contended there should be an end allowance to reflect the shared wc, and for alleged blockages to drains and food smells from the adjoining properties. The valuation officer did not accept there should be allowances for any of these factors and referenced other comparables including A3 uses. "Held", the appeal was allowed in part and the assessment reduced to £2,430 rateable value; a 5% end allowance was granted for the shared wc which was a disability, but H's representations regarding the cooking smells and blocked drains were not accepted because no evidence existed that complaints had been made. Copy of decision available on http://www.courtservice.gov.uk/tribunals/lands/decisions/dec-ra-29-00.htm |
| 590 ## - LOCAL NOTE (RLIN) | |
| Local note | ABS |
| 650 ## - SUBJECT ADDED ENTRY--TOPICAL TERM | |
| Topical term or geographic name entry element | NON-DOMESTIC RATES |
| 650 ## - SUBJECT ADDED ENTRY--TOPICAL TERM | |
| Topical term or geographic name entry element | RATEABLE VALUE |
| 650 ## - SUBJECT ADDED ENTRY--TOPICAL TERM | |
| Topical term or geographic name entry element | COMPARABLES |
| 650 ## - SUBJECT ADDED ENTRY--TOPICAL TERM | |
| Topical term or geographic name entry element | USE CLASSES |
| 650 ## - SUBJECT ADDED ENTRY--TOPICAL TERM | |
| Topical term or geographic name entry element | END ALLOWANCE |
| 650 ## - SUBJECT ADDED ENTRY--TOPICAL TERM | |
| Topical term or geographic name entry element | HUMPHREYS-JONES (TRADING AS CATHEDRAL FRAMES) V WELSBY (VO) |
| 690 ## - LOCAL SUBJECT ADDED ENTRY--TOPICAL TERM (OCLC, RLIN) | |
| Topical term or geographic name as entry element | RATING AND LOCAL TAXATION-CASE LAW |
| 856 ## - ELECTRONIC LOCATION AND ACCESS | |
| Uniform Resource Identifier | <a href="https://www.courtservice.gov.uk/tribunals/lands/decisions/dec-ra-29-00.htm">https://www.courtservice.gov.uk/tribunals/lands/decisions/dec-ra-29-00.htm</a> |
| 942 ## - ADDED ENTRY ELEMENTS (KOHA) | |
| Suppress in OPAC | 0 |
| Withdrawn status | Lost status | Source of classification or shelving scheme | Damaged status | Not for loan | Home library | Current library | Shelving location | Date acquired | Total Checkouts | Full call number | Barcode | Date last seen | Copy number | Price effective from | Koha item type |
|---|---|---|---|---|---|---|---|---|---|---|---|---|---|---|---|
| Dewey Decimal Classification | London | London | Journal article | 04/06/2001 | ABS64056 | 112940-1001 | 06/08/2019 | 1 | 06/08/2019 | Law report |